[Event "4NCL 3 South pool B"]
[Site "Daventry, ENG"]
[Date "2018.11.18"]
[Round "2.76"]
[White "Jones, Derek"]
[Black "Young, Nigel P"]
[Result "1-0"]
[WhiteElo "1912"]
[BlackElo "1757"]
[PlyCount "97"]
[EventDate "2018.11.18"]
[WhiteTeam "Rhyfelwyr Essyllwg"]
[BlackTeam "The Rookies"]

1. Nf3 Nf6 2. c4 e6 3. Nc3 d5 4. d4 Bb4 5. e3 O-O 6. Bd3 c5 7. O-O Nc6 8. a3
Bxc3 9. bxc3 Qc7 10. Qe2 dxc4 11. Bxc4 e5 12. h3 e4 13. Nd2 Re8 14. a4 Na5 15.
Ba2 b6 16. Ba3 Bd7 17. dxc5 bxc5 18. Nb3 Nxb3 19. Bxb3 Rab8 20. Bc2 Qe5 21. Qd2
Qg5 22. Kh1 Qh4 23. Qd6 Rb6 24. Qh2 Qh5 25. Rad1 Qe2 26. Rc1 Qc4 27. Qc7 Rc8
28. Qxa7 Rcb8 29. Qc7 Bxa4 30. Bxa4 Qxa4 31. Bxc5 R6b7 32. Qf4 h6 33. Bd4 Qa6
34. c4 Rc8 35. c5 Qd3 36. Bxf6 gxf6 37. Qg4+ Kh7 38. Qxc8 Rb2 39. c6 Rc2 40.
Qf5+ Kg7 41. c7 Rxc7 42. Rxc7 Qxf1+ 43. Kh2 Qa6 44. Qd7 Qa2 45. Qg4+ Kh7 46.
Rc8 h5 47. Qxh5+ Kg7 48. Qg4+ Kh7 49. Rg8 1-0

[Event "4NCL 3 South pool B"]
[Site "Daventry, ENG"]
[Date "2018.11.18"]
[Round "2.81"]
[White "Farrand, Tom"]
[Black "Botham, C Paul"]
[Result "1-0"]
[WhiteElo "2151"]
[BlackElo "1949"]
[PlyCount "61"]
[EventDate "2018.11.18"]
[WhiteTeam "CSC 1"]
[BlackTeam "Iceni 2"]

1. e4 Nf6 2. e5 Nd5 3. d4 d6 4. c4 Nb6 5. exd6 exd6 6. Nc3 Be7 7. Bd3 Nc6 8.
Nge2 Bg4 9. f3 Bh5 10. Nf4 Bg6 11. Nxg6 hxg6 12. O-O O-O 13. d5 Ne5 14. f4 Nxd3
15. Qxd3 Qd7 16. Be3 Rfe8 17. Bd4 Bf8 18. f5 gxf5 19. Rxf5 g6 20. Raf1 gxf5 21.
Qg3+ Kh7 22. Rf4 Bh6 23. Rh4 Rg8 24. Rxh6+ Kxh6 25. Qh4+ Kg6 26. Ne2 f6 27.
Qxf6+ Kh7 28. Qh4+ Kg6 29. Nf4+ Kf7 30. Qh7+ Kf8 31. Ne6+ 1-0

[Event "4NCL 3 South pool B"]
[Site "Daventry, ENG"]
[Date "2018.11.18"]
[Round "2.82"]
[White "Calvert, D Ian"]
[Black "Frostick, Clive A"]
[Result "1/2-1/2"]
[WhiteElo "1920"]
[BlackElo "2146"]
[PlyCount "73"]
[EventDate "2018.11.18"]
[WhiteTeam "Iceni 2"]
[BlackTeam "CSC 1"]

1. b3 d5 2. Bb2 Bg4 3. h3 Bh5 4. d4 e6 5. Nd2 Nd7 6. Ngf3 c6 7. e4 dxe4 8. Nxe4
Ngf6 9. Ng3 Bg6 10. Bd3 Bb4+ 11. c3 Bd6 12. Bxg6 hxg6 13. Ne2 Qa5 14. Qc2 Qf5
15. Qxf5 gxf5 16. Nd2 Nd5 17. a3 N7f6 18. c4 Nf4 19. Nxf4 Bxf4 20. g3 Bc7 21.
O-O-O O-O 22. Rhg1 Rad8 23. g4 fxg4 24. hxg4 Bf4 25. Kc2 Nd7 26. Ne4 f6 27. Bc1
Bc7 28. f4 Kf7 29. f5 Rfe8 30. Rde1 Nf8 31. Bb2 Bb6 32. c5 Bc7 33. Rgf1 Rd5 34.
Bc3 exf5 35. gxf5 Nh7 36. Kd3 Rd7 37. Rh1 1/2-1/2

[Event "4NCL 3 South pool B"]
[Site "Daventry, ENG"]
[Date "2018.11.18"]
[Round "2.83"]
[White "Thompson, Ian D"]
[Black "Gibbs, Dominic V"]
[Result "1/2-1/2"]
[WhiteElo "2118"]
[BlackElo "1952"]
[PlyCount "65"]
[EventDate "2018.11.18"]
[WhiteTeam "CSC 1"]
[BlackTeam "Iceni 2"]

1. d4 g6 2. Nf3 Bg7 3. e4 d6 4. c3 a6 5. Bd3 Nd7 6. Be3 b6 7. O-O Ngf6 8. Nbd2
O-O 9. Qe2 c5 10. h3 Bb7 11. Bg5 h6 12. Be3 Qc7 13. Nh2 e5 14. d5 Kh7 15. g4
Ng8 16. Rfe1 Qd8 17. Nhf1 Bf6 18. Ng3 Bg5 19. Qf3 Bxe3 20. Qxe3 b5 21. c4 b4
22. Bc2 Qg5 23. a3 Qxe3 24. Rxe3 a5 25. h4 Ne7 26. a4 Bc8 27. f3 Nb6 28. h5 g5
29. b3 Bd7 $11 30. Nf5 Nbc8 31. Re2 Bxf5 32. exf5 f6 33. Ne4 1/2-1/2

[Event "4NCL 3 South pool B"]
[Site "Daventry, ENG"]
[Date "2018.11.18"]
[Round "2.84"]
[White "Somton, Anita"]
[Black "Scrimgour, Alan"]
[Result "1/2-1/2"]
[WhiteElo "1952"]
[BlackElo "2106"]
[PlyCount "33"]
[EventDate "2018.11.18"]
[WhiteTeam "Iceni 2"]
[BlackTeam "CSC 1"]

1. e4 c5 2. Nc3 e6 3. g3 d5 4. exd5 exd5 5. Bg2 d4 6. Qe2+ Be7 7. Nd5 Nc6 8.
Nxe7 Ngxe7 9. Nf3 O-O 10. O-O Be6 11. d3 Bd5 12. c4 Be6 13. Ng5 Bf5 14. Ne4 b6
15. h4 Qd7 16. a3 a5 17. Bg5 1/2-1/2

[Event "4NCL 3 South pool B"]
[Site "Daventry, ENG"]
[Date "2018.11.18"]
[Round "2.85"]
[White "Frostick, Helen M"]
[Black "Kenning, Paul H"]
[Result "0-1"]
[WhiteElo "1993"]
[BlackElo "1866"]
[PlyCount "98"]
[EventDate "2018.11.18"]
[WhiteTeam "CSC 1"]
[BlackTeam "Iceni 2"]

1. e4 d6 2. d4 Nf6 3. Nc3 Nbd7 4. Nf3 e5 5. g3 Be7 6. Bg2 c6 7. O-O Qc7 8. a4
a5 9. b3 O-O 10. Bb2 Re8 11. Re1 Bf8 12. Rc1 g6 13. Qd2 Bg7 14. Nd1 b5 15. axb5
cxb5 16. c4 b4 17. d5 Nc5 18. Qc2 Bd7 19. Ra1 a4 20. bxa4 Bxa4 21. Qe2 Nfxe4
22. Nh4 Nf6 23. Ne3 Nb3 24. Rab1 Nc5 25. Bc1 Reb8 26. Bd2 Nb3 27. Nf1 Nd4 28.
Qe3 Nc2 29. Qe2 Nxe1 30. Qxe1 b3 31. Ne3 Nd7 32. Bb4 Nc5 33. Bxc5 Qxc5 34. Nf3
Qb4 35. Nd2 Bh6 36. Qe2 f5 37. f3 Qc3 38. Nef1 b2 39. f4 e4 40. Ne3 Bc2 41.
Nxc2 Qxc2 42. Qe1 Bg7 43. Qd1 Qxd1+ 44. Rxd1 Ra1 45. Nb1 Rba8 46. Kf2 Rxb1 47.
Rxb1 Ra1 48. Rxb2 Bxb2 49. Bf1 Bd4+ 0-1

[Event "4NCL 3 South pool B"]
[Site "Daventry, ENG"]
[Date "2018.11.18"]
[Round "2.86"]
[White "Ukken, Somton"]
[Black "Stayt, James N"]
[Result "1-0"]
[WhiteElo "1876"]
[BlackElo "1935"]
[PlyCount "67"]
[EventDate "2018.11.18"]
[WhiteTeam "Iceni 2"]
[BlackTeam "CSC 1"]

1. d4 Nf6 2. c4 g6 3. Nc3 Bg7 4. e4 d6 5. Bd3 e5 6. d5 O-O 7. Nge2 a5 8. O-O
Nbd7 9. Rb1 Nc5 10. Bc2 Bd7 11. b3 Qe7 12. a3 Nh5 13. b4 axb4 14. axb4 Na6 15.
Be3 b6 16. Qd2 f5 17. exf5 gxf5 18. f4 e4 19. Bd4 Nf6 20. h3 Kh8 21. Rb3 Rad8
22. Ra1 Bc8 23. Rb2 Qf7 24. Ba4 Rg8 25. Bb5 Nb8 26. Ra7 Ne8 27. Bxb6 Bd7 28.
Bd4 Qg6 29. Bxg7+ Rxg7 30. Nd4 Qg3 31. Bxd7 Rdxd7 32. Nxf5 Qxh3 33. Nxg7 Rxg7
34. Nxe4 1-0

[Event "4NCL 3 South pool B"]
[Site "Bedford, ENG"]
[Date "2019.01.12"]
[Round "3.51"]
[White "Heaven, Pete"]
[Black "Harley, Andrew D"]
[Result "0-1"]
[WhiteElo "2053"]
[BlackElo "2192"]
[PlyCount "51"]
[EventDate "2019.01.12"]
[WhiteTeam "Rhyfelwyr Essyllwg"]
[BlackTeam "Poisoned Pawns 1"]

1. e4 e6 2. d4 d5 3. Nc3 Bb4 4. exd5 exd5 5. Bd3 Nc6 6. Nge2 Nge7 7. O-O O-O 8.
a3 Bxc3 9. bxc3 Bf5 10. Ng3 Bxd3 11. cxd3 Qd7 12. Qf3 Rfe8 13. Bd2 Ng6 14. Nh5
Re6 15. Rfe1 Rae8 16. g3 Rxe1+ 17. Rxe1 Rxe1+ 18. Bxe1 Qe7 19. Bd2 Qxa3 20.
Qxd5 Qb2 21. Bg5 Qxc3 22. Qd7 Qa1+ 23. Kg2 Qxd4 24. Qc8+ Nf8 25. h4 f6 26. Qxb7
0-1

[Event "4NCL 3 South pool B"]
[Site "Bedford, ENG"]
[Date "2019.01.12"]
[Round "3.52"]
[White "Clark, Kevin R"]
[Black "Brown, Thomas"]
[Result "1-0"]
[WhiteElo "2104"]
[BlackElo "2076"]
[PlyCount "41"]
[EventDate "2019.01.12"]
[WhiteTeam "Poisoned Pawns 1"]
[BlackTeam "Rhyfelwyr Essyllwg"]

1. e4 g6 2. d4 Bg7 3. c3 d6 4. f4 c5 5. dxc5 dxc5 6. Qxd8+ Kxd8 7. Bc4 e6 8.
Nf3 b6 9. f5 Ba6 10. Bxa6 Nxa6 11. fxe6 fxe6 12. Bg5+ Kc8 13. Nbd2 h6 14. Bh4
g5 15. Bg3 Nf6 16. O-O-O Nh5 17. Be5 Rd8 18. Bxg7 Nxg7 19. Ne5 Kc7 20. Rhf1 Rf8
21. Ndc4 1-0

[Event "4NCL 3 South pool B"]
[Site "Bedford, ENG"]
[Date "2019.01.12"]
[Round "3.53"]
[White "Hewitt, William"]
[Black "Davison, Chris"]
[Result "1/2-1/2"]
[WhiteElo "2016"]
[BlackElo "2045"]
[PlyCount "87"]
[EventDate "2019.01.12"]
[WhiteTeam "Rhyfelwyr Essyllwg"]
[BlackTeam "Poisoned Pawns 1"]

1. e4 e5 2. Nf3 Nc6 3. d4 exd4 4. Nxd4 g6 5. Nc3 Bg7 6. Nxc6 bxc6 7. Be3 Rb8 8.
Bd4 Bxd4 9. Qxd4 Qf6 10. O-O-O Qxd4 11. Rxd4 Ne7 12. Be2 d6 13. Re1 O-O 14. f4
Be6 15. b3 c5 16. Ra4 Nc8 17. Bf3 Re8 18. e5 Rb4 19. Rxb4 cxb4 20. Nb5 Re7 21.
Bb7 dxe5 22. Rxe5 Nd6 23. Nxd6 cxd6 24. Rb5 a5 25. Bf3 Ra7 26. Rb6 d5 27. Rb5
d4 28. Kd2 h5 29. Kd3 Rc7 30. Be4 f5 31. Bd5 Bxd5 32. Rxd5 Ra7 33. Rxd4 Kf7 34.
c4 bxc3 35. Kxc3 Ke6 36. a3 h4 37. Rd3 Kf6 38. b4 axb4+ 39. Kxb4 Rb7+ 40. Kc3
Rc7+ 41. Kd2 Rc4 42. Ke3 g5 43. fxg5+ Kxg5 44. Kf3 1/2-1/2

[Event "4NCL 3 South pool B"]
[Site "Bedford, ENG"]
[Date "2019.01.12"]
[Round "3.54"]
[White "Kemp, Paul R"]
[Black "Van Kemenade, Rudy"]
[Result "1-0"]
[WhiteElo "2022"]
[BlackElo "1946"]
[PlyCount "77"]
[EventDate "2019.01.12"]
[WhiteTeam "Poisoned Pawns 1"]
[BlackTeam "Rhyfelwyr Essyllwg"]

1. e4 e5 2. Nf3 Nf6 3. d3 d5 4. exd5 Qxd5 5. Nc3 Bb4 6. Be2 Bxc3+ 7. bxc3 e4 8.
c4 Qd6 9. Nd2 Bf5 10. g4 exd3 11. gxf5 dxe2 12. Qxe2+ Qe7 13. Rb1 Qxe2+ 14.
Kxe2 b6 15. Rg1 O-O 16. Bb2 Re8+ 17. Kf3 Nbd7 18. Nf1 Kf8 19. Ne3 Ne5+ 20. Kf4
Nh5+ 21. Kg5 g6 22. Kh6 Nf4 23. Rbd1 f6 24. Nd5 Nh3 25. fxg6 hxg6 26. Rxg6 Nxg6
27. Kxg6 Rad8 28. Rd3 Rxd5 29. Rxh3 Rd1 30. Rh8+ Ke7 31. Bxf6+ Kd7 32. Rxe8
Kxe8 33. h4 Rg1+ 34. Bg5 Rg2 35. f4 Rxc2 36. h5 Kf8 37. h6 Rxa2 38. h7 Rh2 39.
Bh6+ 1-0

[Event "4NCL 3 South pool B"]
[Site "Bedford, ENG"]
[Date "2019.01.12"]
[Round "3.55"]
[White "Ralphs, Nigel"]
[Black "Hutchinson, Norman A"]
[Result "1/2-1/2"]
[WhiteElo "1988"]
[BlackElo "2050"]
[PlyCount "80"]
[EventDate "2019.01.12"]
[WhiteTeam "Rhyfelwyr Essyllwg"]
[BlackTeam "Poisoned Pawns 1"]

1. d4 Nf6 2. c4 e6 3. Nf3 b6 4. g3 Ba6 5. b3 Bb4+ 6. Bd2 Be7 7. Bg2 d5 8. O-O
c6 9. Ne5 Nfd7 10. Nxd7 Nxd7 11. Bc3 Rc8 12. Nd2 O-O 13. Re1 f5 14. Rc1 Nf6 15.
e3 Qe8 16. b4 Bxc4 17. Nxc4 dxc4 18. Qe2 b5 19. e4 Rf7 20. exf5 exf5 21. Qe6
Qd7 22. Qxd7 Nxd7 23. Re6 Nb8 24. d5 cxd5 25. Bxd5 Kf8 26. Ree1 Bf6 27. Bxf7
Bxc3 28. Re8+ Rxe8 29. Bxe8 Kxe8 30. Rxc3 Nc6 31. a3 Nd4 32. Kf1 Kd7 33. f3 Kd6
34. Kf2 Nc6 35. Ke3 Ke5 36. h4 Ne7 37. f4+ Kd6 38. Rc1 Nd5+ 39. Kd4 Nf6 40. Re1
g6 1/2-1/2

[Event "4NCL 3 South pool B"]
[Site "Bedford, ENG"]
[Date "2019.01.12"]
[Round "3.56"]
[White "McCorry, Robert T"]
[Black "Trevelyan, John"]
[Result "1/2-1/2"]
[WhiteElo "2008"]
[BlackElo "1996"]
[PlyCount "114"]
[EventDate "2019.01.12"]
[WhiteTeam "Poisoned Pawns 1"]
[BlackTeam "Rhyfelwyr Essyllwg"]

1. d4 d6 2. c4 e5 3. d5 g6 4. e4 Bh6 5. Nc3 Bxc1 6. Qxc1 Nd7 7. Bd3 Nc5 8. Bc2
a5 9. Nge2 h6 10. O-O Nf6 11. f4 Nfd7 12. b3 exf4 13. Qxf4 Ne5 14. a3 Qg5 15.
Nb5 Qxf4 16. Rxf4 Kd8 17. h3 Bd7 18. Ned4 Bxb5 19. Nxb5 Kd7 20. Nd4 Ke7 21. Rd1
Rhe8 22. Nb5 Na6 23. Nc3 $11 Kf8 24. Rdf1 Kg7 25. Na4 Re7 26. R4f2 b6 27. Nc3
Nc5 28. Rd1 Rae8 29. Nb5 g5 30. Nd4 Kg6 31. Rdf1 Rg8 32. Nf5 Ree8 33. b4 axb4
34. axb4 Ncd7 35. Ba4 Rgf8 36. g4 Ra8 37. Ne7+ Kg7 38. Nf5+ Kg6 39. Bb5 f6 40.
Nd4 Ra3 41. Ne6 Rc8 42. Bxd7 Nxd7 43. c5 bxc5 44. bxc5 dxc5 45. Rf3 Rxf3 46.
Rxf3 Ne5 47. Rc3 c4 48. Kf2 Kf7 49. Ke3 Ke7 50. Nd4 Kd6 51. Nc2 Rb8 52. Kd4 Rb3
53. Ne3 c5+ 54. dxc6 Nxc6+ 55. Kxc4 Rxc3+ 56. Kxc3 Ke5 57. Kd3 Nb4+ 1/2-1/2

[Event "4NCL 3 South pool B"]
[Site "Bedford, ENG"]
[Date "2019.01.12"]
[Round "3.61"]
[White "Farrand, Tom"]
[Black "McKenna, Jason P"]
[Result "1-0"]
[WhiteElo "2153"]
[BlackElo "2072"]
[PlyCount "45"]
[EventDate "2019.01.12"]
[WhiteTeam "CSC 1"]
[BlackTeam "Oxford 2"]

1. e4 g6 2. d4 Bg7 3. Nc3 d6 4. Nf3 Nf6 5. h3 c6 6. a4 O-O 7. Be3 Qc7 8. Be2
Nbd7 9. O-O b6 10. Qd2 Bb7 11. Rfd1 a6 12. e5 Nd5 13. e6 Nxe3 14. Qxe3 Nf6 15.
Ng5 Bh6 16. f4 Bxg5 17. fxg5 Ne8 18. Rf1 f5 19. gxf6 Nxf6 20. Qh6 d5 21. Bd3 c5
22. Bxg6 hxg6 23. Rf4 1-0

[Event "4NCL 3 South pool B"]
[Site "Bedford, ENG"]
[Date "2019.01.12"]
[Round "3.62"]
[White "Moyse, Nigel John"]
[Black "Frostick, Clive A"]
[Result "1/2-1/2"]
[WhiteElo "2044"]
[BlackElo "2127"]
[PlyCount "60"]
[EventDate "2019.01.12"]
[WhiteTeam "Oxford 2"]
[BlackTeam "CSC 1"]

1. d4 d5 2. Bf4 e6 3. Nf3 Bd6 4. Bg3 Nf6 5. e3 Qe7 6. Bd3 Bxg3 7. hxg3 Nbd7 8.
Nbd2 e5 9. dxe5 Nxe5 10. Nxe5 Qxe5 11. c3 Bd7 12. Nf3 Qd6 13. Ng5 h6 14. Qc2
Rf8 15. Nf3 O-O-O 16. O-O Kb8 17. b4 Rfe8 18. a4 Bg4 19. Nd4 h5 20. b5 Rh8 21.
Rfb1 Ka8 22. a5 c5 23. bxc6 bxc6 24. Ba6 Rb8 25. Qa4 Bd7 26. Qc2 Ne4 27. Bd3
Nc5 28. Bf5 Ne6 29. Bd3 Nc5 30. Bf5 Ne6 1/2-1/2

[Event "4NCL 3 South pool B"]
[Site "Bedford, ENG"]
[Date "2019.01.12"]
[Round "3.63"]
[White "Thompson, Ian D"]
[Black "Alizada, Eldar"]
[Result "1-0"]
[WhiteElo "2121"]
[BlackElo "1958"]
[PlyCount "115"]
[EventDate "2019.01.12"]
[WhiteTeam "CSC 1"]
[BlackTeam "Oxford 2"]

1. c4 e6 2. Nc3 Nf6 3. e4 c5 4. e5 Ng8 5. Nf3 Nc6 6. d4 cxd4 7. Nxd4 Nxe5 8.
Ndb5 a6 9. Nd6+ Bxd6 10. Qxd6 f6 11. Be3 Ne7 12. Bb6 Nf5 13. Qc5 d6 14. Qa5 Qd7
15. f4 Nc6 16. Qa3 O-O 17. O-O-O Nce7 18. c5 d5 19. g4 Nh4 20. Bd3 Neg6 21.
Rhf1 Qe7 22. Rd2 Bd7 23. Bc7 Qf7 24. Bd6 Rfe8 25. Qb4 Bc6 26. Re2 Ne7 27. Qd4
Nc8 28. f5 Nxd6 29. cxd6 e5 30. Qf2 e4 31. Bc2 Nf3 32. Rd1 Ne5 33. Qd4 Qd7 34.
Nxd5 Qxd6 35. Bxe4 Rad8 36. Red2 Bxd5 37. Bxd5+ Kh8 38. Kb1 Qd7 39. Bxb7 Qxd4
40. Rxd4 Rxd4 41. Rxd4 g6 42. Bxa6 gxf5 43. gxf5 Nf3 44. Rd6 Re1+ 45. Kc2 Kg7
46. b4 h5 47. b5 Re2+ 48. Kb3 Nd2+ 49. Kb4 Re4+ 50. Kc5 Rc4+ 51. Kb6 Ne4 52.
Rc6 Ra4 53. Bb7 h4 54. Rc7+ Kh6 55. Bxe4 Rxe4 56. Rc2 Kg5 57. Kc7 h3 58. b6 1-0

[Event "4NCL 3 South pool B"]
[Site "Bedford, ENG"]
[Date "2019.01.12"]
[Round "3.64"]
[White "Hayward, Philip"]
[Black "Scrimgour, Alan"]
[Result "1/2-1/2"]
[WhiteElo "1959"]
[BlackElo "2095"]
[PlyCount "64"]
[EventDate "2019.01.12"]
[WhiteTeam "Oxford 2"]
[BlackTeam "CSC 1"]

1. c4 e5 2. g3 Nf6 3. Bg2 c6 4. d4 exd4 5. Qxd4 Na6 6. Nf3 Nb4 7. Qd1 d5 8. a3
Na6 9. Nc3 Be6 10. Ng5 dxc4 11. Nxe6 Qxd1+ 12. Nxd1 fxe6 13. Ne3 c3 14. bxc3
O-O-O 15. Nc4 Be7 16. Be3 Bc5 17. Bf4 Nc7 18. O-O Ncd5 19. Be5 Nb6 20. Nxb6+
Bxb6 21. Bh3 Kd7 22. Rab1 Ke7 23. Bd4 c5 24. Be3 h6 25. c4 Rd7 26. Bg2 Ng4 27.
Bf4 g5 28. Bc1 Rhd8 29. f4 gxf4 30. Bxf4 e5 31. Bh3 exf4 32. Bxg4 Rd4 1/2-1/2

[Event "4NCL 3 South pool B"]
[Site "Bedford, ENG"]
[Date "2019.01.12"]
[Round "3.65"]
[White "Amato, Giampiero"]
[Black "Cole, James"]
[Result "1/2-1/2"]
[WhiteElo "1975"]
[BlackElo "1990"]
[PlyCount "209"]
[EventDate "2019.01.12"]
[WhiteTeam "CSC 1"]
[BlackTeam "Oxford 2"]

1. d4 Nf6 2. Bg5 c5 3. Bxf6 gxf6 4. d5 Qb6 5. Qc1 f5 6. Nc3 Bg7 7. Nf3 Qb4 8.
e3 Bxc3+ 9. bxc3 Qxc3+ 10. Nd2 d6 11. Bd3 c4 12. Bxc4 Nd7 13. O-O O-O 14. Re1
Ne5 15. Bf1 Bd7 16. e4 Rfc8 17. Nb3 fxe4 18. Qg5+ Ng6 19. Rxe4 Qg7 20. Rae1 h6
21. Qh5 Rxc2 22. Nd4 Rc5 23. Nb3 Rc7 24. R1e3 Rac8 25. Rg3 Rc3 26. f3 a5 27.
Rxe7 Nxe7 28. Rxg7+ Kxg7 29. Nd4 R8c5 30. Ne2 Rd3 31. Nf4 Rd1 32. Kf2 Nxd5 33.
Nxd5 Rdxd5 34. Qh4 Rc2+ 35. Ke3 Rc3+ 36. Kf2 Rc2+ 37. Ke3 Rc3+ 38. Kf2 Rcc5 39.
Qg3+ Kf8 40. Qf4 Ke7 41. Bc4 Rf5 42. Qh4+ Ke8 43. Bd3 Rfe5 44. Qxh6 Be6 45. a4
Kd7 46. Qf8 Red5 47. Bb5+ Kc7 48. Qa8 Rc2+ 49. Kg3 Rdd2 50. Qxa5+ Kb8 51. Qd8+
Bc8 52. Kf4 Rxg2 53. Qxd6+ Ka8 54. h4 Rh2 55. Qd8 Rh1 56. Bd3 Rc6 57. Qh8 Rc5
58. Bb5 Kb8 59. Kg3 Rh3+ 60. Kf2 Rc2+ 61. Ke3 Rc7 62. h5 f5 63. Bd3 f4+ 64.
Kxf4 Rf7+ 65. Ke4 Rfxf3 66. Bb5 Rf7 67. Kd4 Rh4+ 68. Kc3 Rf3+ 69. Kd2 Rfh3 $11
70. Be2 Rxa4 71. Qe5+ Ka8 72. Qe8 Ra2+ 73. Ke1 Rh1+ 74. Kf2 Rh2+ 75. Kg3 Rhxe2
76. Qxc8+ Ka7 77. Qc5+ Ka8 78. Qf8+ Ka7 79. Qc5+ Ka8 80. Qc8+ Ka7 81. Qc5+ Ka8
$11 82. h6 Rh2 83. Qf8+ Ka7 84. Qc5+ Ka8 85. Qf8+ Ka7 86. Qc5+ Ka8 87. Qc8+ Ka7
88. Kg4 Rxh6 89. Qc5+ Ka8 90. Qf8+ Ka7 91. Qxh6 Ra6 $11 92. Qe3+ Ka8 93. Qc5
Rc6 94. Qb5 Ra6 95. Kf4 Rc6 96. Ke4 Ra6 97. Kd4 Rc6 98. Kd5 Ka7 99. Qa5+ Kb8
100. Qd8+ Ka7 101. Kd4 Ra6 102. Kc5 Rc6+ 103. Kb5 Ra6 104. Qc7 Ka8 105. Qc8+
1/2-1/2

[Event "4NCL 3 South pool B"]
[Site "Bedford, ENG"]
[Date "2019.01.12"]
[Round "3.66"]
[White "Pozimski, Szymon"]
[Black "Frostick, Helen M"]
[Result "1-0"]
[WhiteElo "2014"]
[BlackElo "1979"]
[PlyCount "57"]
[EventDate "2019.01.12"]
[WhiteTeam "Oxford 2"]
[BlackTeam "CSC 1"]

1. Nf3 d5 2. d4 Nf6 3. c4 e6 4. g3 Be7 5. Bg2 O-O 6. Nbd2 dxc4 7. Nxc4 c5 8.
O-O Nc6 9. dxc5 Bxc5 10. a3 a5 11. Qc2 Qe7 12. Bf4 Nd5 13. Bd2 b5 14. Nce5 Nxe5
15. Nxe5 f6 16. Nc6 Qd6 17. Nxa5 Ba6 18. Nb3 Rac8 19. Nxc5 Rxc5 20. Qd1 Rfc8
21. Bb4 Qb6 22. Bxc5 Rxc5 23. Qd2 Bb7 24. Rac1 Rxc1 25. Rxc1 h6 26. e4 Ne7 27.
Qd7 Nc6 28. Qxe6+ Kh7 29. e5 1-0

[Event "4NCL 3 South pool B"]
[Site "Bedford, ENG"]
[Date "2019.01.12"]
[Round "3.71"]
[White "Josse, Mark"]
[Black "Briscoe, Chris"]
[Result "1/2-1/2"]
[WhiteElo "2191"]
[BlackElo "2211"]
[PlyCount "181"]
[EventDate "2019.01.12"]
[WhiteTeam "The Rookies"]
[BlackTeam "Surbiton"]

1. e4 c5 2. Nc3 Nc6 3. Bb5 Na5 4. Nf3 a6 5. Be2 d6 6. d4 cxd4 7. Nxd4 Nf6 8.
O-O g6 9. Nb3 Bd7 10. Be3 Bg7 11. f4 Nxb3 12. cxb3 Bc6 13. Bf3 O-O 14. Qd2 Rc8
15. Rfd1 Qc7 16. a4 b6 17. b4 Bb7 18. Rac1 Qb8 19. b5 a5 20. Qf2 Nd7 21. e5 Nc5
22. exd6 exd6 23. f5 Rfe8 24. f6 Bxf6 25. Bxb7 Qxb7 26. Bxc5 Bxc3 27. Bxd6 Bg7
28. Kh1 h5 29. h3 Kh7 30. Rf1 Rxc1 31. Rxc1 Qd5 32. Bf4 Bd4 33. Qd2 Re4 34. Bg3
Qf5 35. Rd1 h4 36. Bh2 Bc5 37. Bg1 Bxg1 38. Kxg1 Rxa4 39. Rf1 Qc5+ 40. Kh1 Kg7
41. Qd7 Qc4 42. Rf3 Rb4 43. b3 Qe6 44. Qd3 Qe5 45. Qd7 Qe6 46. Qd3 Re4 47. Rf1
g5 48. Qc3+ Qe5 49. Qc6 Re1 50. Rxe1 Qxe1+ 51. Kh2 Qe5+ 52. Kh1 Qd4 53. Kh2 f6
54. Qb7+ Kg6 55. Qc6 Kf5 56. Qc8+ Ke4 57. Qc2+ Ke5 58. Kh1 Kf4 59. Kh2 Ke5 60.
Kh1 Qc5 61. Qd3 Qf2 62. Qc4 Qe3 63. Qc7+ Kf5 64. Qc2+ Kf4 65. Qc7+ $11 Ke4 66.
Qc6+ Kd3 67. Qc4+ Kd2 68. b4 Qe1+ 69. Kh2 Qe5+ 70. Kh1 Qa1+ 71. Kh2 a4 72. Qd5+
Kc3 73. Qd6 Kc4 74. Qc6+ Kxb4 75. Qxb6 Qe5+ 76. Kh1 a3 77. Qa6 Kb3 78. b6 Qe1+
79. Kh2 Qg3+ 80. Kh1 Qe1+ 81. Kh2 Qg3+ 82. Kh1 a2 83. Qb5+ Kc2 84. Qc4+ Kb2 85.
Qe2+ Kb3 86. Qb5+ Ka3 87. Qa6+ Kb3 88. Qb5+ Kc3 89. Qa5+ Kb2 90. Qd2+ Kb3 91.
Qd5+ 1/2-1/2

[Event "4NCL 3 South pool B"]
[Site "Bedford, ENG"]
[Date "2019.01.12"]
[Round "3.72"]
[White "Scott, David A"]
[Black "Burrows, Martin P"]
[Result "1-0"]
[WhiteElo "2143"]
[BlackElo "2156"]
[PlyCount "79"]
[EventDate "2019.01.12"]
[WhiteTeam "Surbiton"]
[BlackTeam "The Rookies"]

1. d4 Nf6 2. c4 e6 3. Nf3 b6 4. g3 Ba6 5. Nbd2 d5 6. cxd5 exd5 7. Bg2 Be7 8.
O-O O-O 9. Re1 Bb7 10. Ne5 c5 11. e3 Nbd7 12. b3 Re8 13. Bb2 Nf8 14. Rc1 Ne6
15. dxc5 bxc5 16. e4 d4 17. Ndc4 Bf8 18. f4 a5 19. Qd3 Ra6 20. Rc2 Qa8 21. Bc1
Nd8 22. g4 Re7 23. g5 Nd7 24. Nxd7 Rxd7 25. f5 Nc6 26. Qh3 Nb4 27. Rf2 Qe8 28.
e5 Bxg2 29. Rxg2 d3 30. Bd2 Rd4 31. e6 fxe6 32. g6 h6 33. fxe6 Be7 34. Qf5 Nd5
35. Qf7+ Qxf7 36. exf7+ Kf8 37. Bxh6 Nf6 38. Bxg7+ Kxg7 39. Rxe7 a4 40. Re8 1-0

[Event "4NCL 3 South pool B"]
[Site "Bedford, ENG"]
[Date "2019.01.12"]
[Round "3.73"]
[White "Byron, Alan M"]
[Black "Seymour, Timothy P"]
[Result "1-0"]
[WhiteElo "2157"]
[BlackElo "2106"]
[PlyCount "57"]
[EventDate "2019.01.12"]
[WhiteTeam "The Rookies"]
[BlackTeam "Surbiton"]

1. e4 e5 2. Nf3 Nc6 3. Bb5 g6 4. O-O Bg7 5. c3 a6 6. Ba4 Nge7 7. d4 exd4 8.
cxd4 O-O 9. Nc3 b5 10. Bc2 b4 11. Ne2 d5 12. e5 f6 13. exf6 Bxf6 14. Bh6 Re8
15. Ng3 Bg4 16. Be3 Na5 17. h3 Bd7 18. b3 Nb7 19. Qd2 a5 20. Bf4 c5 21. Be5
Bxe5 22. Nxe5 Bb5 23. Rfe1 c4 24. Qh6 Qd6 25. bxc4 Bxc4 26. h4 Nf5 27. Bxf5
gxf5 28. Qg5+ Kf8 29. Nxf5 1-0

[Event "4NCL 3 South pool B"]
[Site "Bedford, ENG"]
[Date "2019.01.12"]
[Round "3.74"]
[White "Shepherd, Paul D"]
[Black "Jones, Christopher M"]
[Result "1/2-1/2"]
[WhiteElo "2073"]
[BlackElo "2110"]
[PlyCount "63"]
[EventDate "2019.01.12"]
[WhiteTeam "Surbiton"]
[BlackTeam "The Rookies"]

1. e4 e5 2. Nf3 Nc6 3. Bb5 f5 4. d3 Nf6 5. O-O Bc5 6. Bxc6 dxc6 7. Nxe5 fxe4 8.
dxe4 Qxd1 9. Rxd1 Nxe4 10. Nd3 O-O 11. Nxc5 Nxc5 12. Be3 Ne4 13. Nd2 Nf6 14.
Nb3 b6 15. f3 Nd5 16. Bf2 Nf4 17. Rd2 c5 18. Re1 Bf5 19. Bg3 g5 20. h4 h6 21.
hxg5 hxg5 22. Nc1 Rae8 23. Rxe8 Rxe8 24. Bxf4 gxf4 25. Ne2 Be6 26. Nxf4 Bxa2
27. Kf2 Rf8 28. g3 a5 29. Rd7 Rf7 30. Rd8+ Rf8 31. Rd7 Rf7 32. Rd8+ 1/2-1/2

[Event "4NCL 3 South pool B"]
[Site "Bedford, ENG"]
[Date "2019.01.12"]
[Round "3.75"]
[White "Compton, Alistair"]
[Black "Faulks, Nick"]
[Result "0-1"]
[WhiteElo "2049"]
[BlackElo "1917"]
[PlyCount "80"]
[EventDate "2019.01.12"]
[WhiteTeam "The Rookies"]
[BlackTeam "Surbiton"]

1. e4 c5 2. c3 d5 3. exd5 Qxd5 4. d4 Nc6 5. Nf3 Bg4 6. Be2 cxd4 7. cxd4 e6 8.
Nc3 Qa5 9. O-O Nf6 10. h3 Bh5 11. Be3 Bd6 12. a3 O-O 13. b4 Qd8 14. Qb3 h6 15.
Rad1 Ne7 16. g4 Bg6 17. Ne5 Bh7 18. Bf3 a5 19. b5 a4 20. Nxa4 Ned5 21. Nc5 Qe7
22. a4 b6 23. Ncd3 Ne4 24. Rfe1 Rac8 25. Rc1 Nxe3 26. Rxe3 Nd2 27. Qd1 Nxf3+
28. Qxf3 Rxc1+ 29. Nxc1 Bxe5 30. dxe5 Qb4 31. Qc6 Qxa4 32. Qxb6 Qd1+ 33. Kh2
Qxc1 34. Qd6 Qc2 35. Kg3 Qc8 36. f3 Qb8 37. Rc3 Qxb5 38. Rc7 Bg6 39. h4 h5 40.
g5 Qb8 0-1

[Event "4NCL 3 South pool B"]
[Site "Bedford, ENG"]
[Date "2019.01.12"]
[Round "3.76"]
[White "Alcock, Graham P"]
[Black "Jaszkiwskyj, Peter"]
[Result "1/2-1/2"]
[WhiteElo "1752"]
[BlackElo "1947"]
[PlyCount "45"]
[EventDate "2019.01.12"]
[WhiteTeam "Surbiton"]
[BlackTeam "The Rookies"]

1. e4 e6 2. d4 d5 3. Bd3 Nf6 4. e5 Nfd7 5. Ne2 c5 6. c3 Nc6 7. b3 cxd4 8. cxd4
Nb4 9. O-O Be7 10. Nbc3 Nxd3 11. Qxd3 a6 12. Ng3 f6 13. Nh5 O-O 14. Qg3 Rf7 15.
f4 Nf8 16. Qe3 Bd7 17. f5 fxe5 18. Qxe5 Bf6 19. Nxf6+ Qxf6 20. Qxf6 Rxf6 21.
Bg5 Rxf5 22. Rxf5 exf5 23. Nxd5 1/2-1/2